Letter H geography - Statistics

General Stats
  • This quiz has been taken 58 times
  • The average score is 16 of 21
Answer Stats
Hint Answer % Correct
What the hamburger was named after Hamburg
100%
Capital of Cuba Havana
98%
Capital of Finland Helsinki
98%
Borders the Dominican Republic Haiti
94%
Capital of Vietnam Hanoi
94%
Often mistaken for all of the Netherlands Holland
94%
Central American country Honduras
92%
US state made up of islands Hawaii
91%
Famous city in Texas Houston
89%
Capital of Zimbabwe Harare
83%
Country in NATO Hungary
79%
Was nuked in WW2 Hiroshima
77%
US state, New ......... New Hampshire
75%
Famous city in Vietnam Ho Chi Minh City
74%
Famous city in India, ends with bad Hyderabad
72%
Capital of Connecticut Hartford
62%
Capital of Montana Helena
62%
Capital of Pennsylvania Harrisburg
60%
Famous city in China Hong Kong
57%
Capital of Bermuda Hamilton
38%
Famous city in Germany Hannover
30%
No matching quizzes found
Score Distribution
Percent of People with Each Score
Percentile by Number Answered
Your Score History
You have not taken this quiz